Types of Heroes Quiz Stats

 Plays Quiz not verified by Sporcle

Score 0/11 Timer 04:00
0 Plays Today
Definition Hero % Correct
Someone lacking heroic qualitiesantihero
85.3%
Fictional character with exceptional powerssuperhero
79.4%
Dolls made for boys often made of plasticaction hero
61.8%
Main character in a play with an unhappy endingtragic hero
58.8%
Found in songs, tales, and other lorefolk hero
35.3%
Video game seriesGuitar Hero
29.4%
Grand figure from history or legend, possibly descended from a deityepic hero
29.4%
Not a herononhero
26.5%
Idealized and flawed character, exemplified by Lord ByronByronic hero
17.6%
Character who rejects society; started in an 18th century Periodromantic hero
8.8%
Character who struggles between good and evil, in a darker timegothic hero
2.9%

You're not logged in!

Compare scores with friends on all Sporcle quizzes.
OR
Log In

Show Comments

Extras

Created Oct 18, 2010SourceReportNominate
Tags:Definition Quiz, here, hero

Top Quizzes Today


Score Distribution

Your Account Isn't Verified!

In order to create a playlist on Sporcle, you need to verify the email address you used during registration. Go to your Sporcle Settings to finish the process.

Report this User

Report this user for behavior that violates our Community Guidelines.

Details: